000 00815nab a2200241 u 4500
001 19019
003 HDC
007 cr bn ---aaaaa
008 210228b2009mmddmy d||noo|||| 00| 0 eng d
040 _aHDC
245 0 _aThailand keen on investment from Qatar - Visiting minister
_c/ DagangHalal.com
260 _aMalaysia:
_bDagangAsia Network,
_c2009
300 _a1 online resource
336 _atext
_2rdacontent
337 _acomputer
_2rdamedia
338 _aonline resource
_2rdacarrier
650 _aInvestments, Thailand
_zQatar
_917645
710 _aDagangHalal.com
856 _zRequest full-text at [email protected]
942 _2lcc
942 _cNEWS
942 _kNWSO 004074
999 _c16335
_d16335